00976pam a2200325 a 45000010005000000030006000050050017000110080041000280100017000690200025000860200018001110200018001290350012001470400023001590420009001820500017001910820009002081000027002172450033002442600051002773000058003285050007003865200122003935210021005155210018005366500028005546500029005826500019006116500020006308359FISKH20250910091032.0920430s1993 caua j 000 1 eng  a 92016439  a0152802177 :c$14.95 a9780152802172 a9780590483797 a2031426 aDLCcDLCdDLCbeng alcac aPZ10.C1685 S a 8131 aCannon, Janell,d1957-10aStellaluna /cJanell Cannon. aSan Diego :bHarcourt Brace Jovanovich,c1993. a46 unnumbered pages : bcolor illustrations ; c23 cm aN  aAfter she falls headfirst into a bird's nest, a baby bat is raised like a bird until she is reunited with her mother.8 a550 bLexile AD 8 aN bRaz-Plus  0aBatsxJuvenile fiction. 0aBirdsxJuvenile fiction. 1aBatsxFiction. 1aBirdsxFiction.